Statistics for Football Club Abbreviations

Click here to take the quiz!

General Stats

  • This quiz has been taken 80 times
  • The average score is 43 of 78

Answer Stats

GroupHintAnswer% Correct
Premier LeagueArsenalARS
100%
Premier LeagueBournemouthBOU
89%
Premier LeagueBrentfordBRE
89%
Premier LeagueNewcastle UnitedNEW
88%
Premier LeagueTottenham HotspurTOT
88%
Premier LeagueWolvesWOL
88%
Premier LeagueChelseaCHE
86%
Premier LeagueEvertonEVE
86%
Premier LeagueFulhamFUL
86%
Premier LeagueLiverpoolLIV
86%
Premier LeagueCrystal PalaceCRY
84%
Premier LeagueLeicester CityLEI
84%
Premier LeagueLeeds UnitedLEE
82%
Premier LeagueManchester CityMCI
82%
Premier LeagueSouthamptonSOU
82%
Premier LeagueWest Ham UnitedWHU
82%
Premier LeagueBrighton & Hove AlbionBRI
77%
Premier LeagueManchester UnitedMUN
76%
Premier LeagueAston VillaAVL
69%
La LigaBarcelonaBAR
68%
La LigaVillarrealVIL
68%
La LigaAlmeríaALM
66%
La LigaAtlético MadridATM
66%
La LigaCádizCAD
65%
La LigaCelta VigoCEL
62%
La LigaElcheELC
62%
La LigaEspanyolESP
62%
La LigaGironaGIR
62%
La LigaReal MadridRMA
62%
La LigaGetafeGET
61%
La LigaOsasunaOSA
61%
La LigaSevilla CFSEV
61%
La LigaValenciaVAL
61%
Serie AMonzaMON
58%
Premier LeagueNottingham ForestNFO
58%
BundesligaBayern MünchenBAY
57%
Serie ALecceLEC
55%
La LigaRayo VallecanoRAY
55%
BundesligaBochumBOC
54%
BundesligaBorussia DortmundDOR
54%
Serie ACremoneseCRE
53%
Serie AJuventusJUV
53%
Serie ANapoliNAP
53%
Serie ARomaROM
53%
Serie AAtalantaATA
51%
Serie ABolognaBOL
51%
Serie AEmpoliEMP
51%
Serie AFiorentinaFIO
51%
Serie AInter MilanINT
51%
Serie ALazioLAZ
51%
Serie AMilanMIL
51%
Serie ASalernitanaSAL
51%
Serie ASampdoriaSAM
51%
Serie ASassuoloSAS
51%
Serie ASpeziaSPE
51%
Serie ATorinoTOR
51%
Serie AUdineseUDI
51%
La LigaReal BetisBET
50%
La LigaReal SociedadRSO
50%
La LigaAthletic Club BilbaoATH
47%
Serie AHellas VeronaVER
47%
BundesligaRB LeipzigRBL
43%
La LigaMallorcaMLL
27%
BundesligaBayer LeverkusenB04
24%
La LigaValladolidVLL
24%
BundesligaSchalkeS04
22%
BundesligaBorussia MönchengladbachBMG
20%
BundesligaStuttgartVFB
19%
BundesligaAugsburgFCA
18%
BundesligaMainzM05
18%
BundesligaWolfsburgWOB
16%
BundesligaFreiburgSCF
12%
BundesligaHoffenheimTSG
12%
BundesligaHertha BerlinBSC
11%
BundesligaWerder BremenSVW
11%
BundesligaUnion BerlinFCU
9%
BundesligaKölnKOE
9%
BundesligaEintracht FrankfurtSGE
7%

Score Distribution

Percentile by Number Answered

Percent of People with Each Score

Your Score History

You have not taken this quiz